| 000 | 00688nam a22002057a 4500 | ||
|---|---|---|---|
| 999 |
_c17359 _d17359 |
||
| 003 | AR-CdUCM | ||
| 008 | 190508b ||||| |||| 00| 0 spa d | ||
| 040 |
_aMUNICIPALIDAD PROVINCIAL DEL CUSCO _cBIBLIOTECA MUNICIPAL DEL CUSCO |
||
| 082 |
_a868.23 / _bR78 |
||
| 100 |
_aRojas, Fernando de _916710 |
||
| 245 | _aLa celestina o comedia de Calisto y Melibea / | ||
| 260 |
_aBuenos Aires : _bLosada, _c1965. |
||
| 300 |
_a217 páginas ; _c19 cm. |
||
| 440 |
_aBiblioteca Clásica y Contemporánea. _9912 |
||
| 505 | _aContenido: Teatro. | ||
| 650 |
_aTeatro español _9648 |
||
| 700 |
_aHenríquez Ureña, Pedro (introducción) _937329 |
||
| 942 |
_2ddc _cLIBROS |
||
| 945 |
_aachl _d2019-05-08 |
||